Полное собрание сочинений. Т. 4: Труды по физике, астрономии и приборостроению. 1744-1765 гг. (Запись № 9259745)

Подробности
000 -МАРКЕР
контрольное поле 01586nam2a22003251 4500
001 - ИДЕНТИФИКАТОР ЗАПИСИ
контрольное поле rc\4047115
005 - ИДЕНТИФИКАТОР ВЕРСИИ
контрольное поле 20250630143846.0
021 ## - НОМЕР ГОСУДАРСТВЕННОЙ РЕГИСТРАЦИИ
Код страны Российская Федерация
Номер [55-25902]
035 ## - ДРУГИЕ СИСТЕМНЫЕ НОМЕРА
Идентификатор записи (NLR Aleph) 008103613
100 ## - ДАННЫЕ ОБЩЕЙ ОБРАБОТКИ
Данные общей обработки 20130415d1955 |||y0rusy50 ca
101 0# - ЯЗЫК РЕСУРСА
Язык текста, звукозаписи и т.д. русский
102 ## - СТРАНА ПУБЛИКАЦИИ ИЛИ ПРОИЗВОДСТВА
Страна публикации Российская Федерация
105 ## - ПОЛЕ КОДИРОВАННЫХ ДАННЫХ: ТЕКСТОВЫЕ МАТЕРИАЛЫ, МОНОГРАФИЧЕСКИЕ
Кодированные данные о монографическом текстовом документе a z |||||
200 1# - ЗАГЛАВИЕ И СВЕДЕНИЯ ОБ ОТВЕТСТВЕННОСТИ
Основное заглавие Труды по физике, астрономии и приборостроению. 1744-1765 гг.
Первые сведения об ответственности [Ред. Т.П. Кравец и В.Л. Ченакал]
210 ## - ПУБЛИКАЦИЯ, РАСПРОСТРАНЕНИЕ И ДР.
Имя издателя, распространителя и т. д. Изд-во Акад. наук СССР
Дата издания, распространения и т.д. 1955
215 ## - ФИЗИЧЕСКАЯ ХАРАКТЕРИСТИКА
Специфическое обозначение материала и объем 831 с., 3 л. ил.
Другие сведения о физической характеристике ил.
461 #0 - УРОВЕНЬ НАБОРА
Встроенное поле 001rc\4047110
-- 2001#$aПолное собрание сочинений$f[Гл. ред.: С.И. Вавилов и др.]$gАкад. наук СССР. Т. 1-$vТ. 4
-- 700#1$aЛомоносов$bМ.В.$f1711-1765$gМихаил Васильевич$3RU\NLR\AUTH\772859
Системный номер (АБИС) связанной записи 9259718
Автор Ломоносов, М.В. (1711-1765)
Место публикации Москва
Дата публикации 1950
Первые сведения об ответственности [Гл. ред.: С.И. Вавилов и др.]
Имя издателя, распространителя и т.д. Изд-во и 1-я тип. Изд-ва Акад. наук СССР в Л.
Заглавие Полное собрание сочинений
Номер тома Т. 4
606 ## - НАИМЕНОВАНИЕ ТЕМЫ КАК ПРЕДМЕТ
Наименование темы Астрономия (т. 4)
Код системы psbo
606 ## - НАИМЕНОВАНИЕ ТЕМЫ КАК ПРЕДМЕТ
Наименование темы Физика (т. 4)
Код системы psbo
606 ## - НАИМЕНОВАНИЕ ТЕМЫ КАК ПРЕДМЕТ
Наименование темы Приборостроение (т. 4)
Код системы psbo
702 #1 - ИМЯ ЛИЦА - ВТОРИЧНАЯ ОТВЕТСТВЕННОСТЬ
Начальный элемент ввода Кравец
Часть имени, кроме начального элемента ввода Т.П.
Расширение инициалов личного имени Торичан Павлович
Код отношения Редактор
702 #1 - ИМЯ ЛИЦА - ВТОРИЧНАЯ ОТВЕТСТВЕННОСТЬ
Начальный элемент ввода Ченакал
Часть имени, кроме начального элемента ввода В.Л.
Код отношения Редактор
801 #0 - ИСТОЧНИК ЗАПИСИ
Страна Российская Федерация
Организация NLR
Правила каталогизации psbo
801 #1 - ИСТОЧНИК ЗАПИСИ
Страна Российская Федерация
Организация ELAR
Источник данных rusmarc
852 ## - МЕСТОНАХОЖДЕНИЕ И ШИФР ХРАНЕНИЯ
Идентификатор организации NLR
Шифр хранения (Call Number) Пр90 Г-5/21
852 ## - МЕСТОНАХОЖДЕНИЕ И ШИФР ХРАНЕНИЯ
Идентификатор организации NLR
Шифр хранения (Call Number) КрI/2048
942 ## - ДОПОЛНИТЕЛЬНЫЕ ЭЛЕМЕНТЫ ЗАПИСИ (АБИС)
Тип экземпляра АБИС Книга
980 ## - КОЛЛЕКЦИЯ
Название коллекции Национальная библиография
Экземпляры
Тип экземпляра Дата поступления Библиотека постоянного хранения Библиотека текущего хранения Место хранения Шифр хранения Штрих-код Статус экземпляра Источник поступления Стоимость
Книга 26.10.2013 РНБ (Московский) РНБ (Московский) Фонд литературы на языках стран Азии и Африки КрI/2048 8103613-20      
Книга 18.04.2014 РНБ (Московский) РНБ (Московский) Фонд научного зала литературы по технике Нз В3я44/Л-753 1-491993      
Книга 24.09.2014 РНБ (Московский) РНБ (Московский) Фонд общего зала литературы по технике Т1 В3/Л-753 1-656140   Покупка 516.00
Книга 23.06.2015 РНБ (Московский) РНБ (Московский) Фонд общего зала литературы по филологии, педагогике и искусству (гуманитарной литературы) Л1 Ч213(2)/Л-753 1-631855   Покупка 25.00
Книга 26.10.2013 РНБ (Садовая) РНБ (Садовая) Русский книжный фонд -Главное здание, Ленинский читальный зал Пр90 Г-5/21 1-4373365